00585nam a22001937a 450000500170000001000130001702000220003003500130005203700160006504000120008108200190009310000160011224500500012826000510017827000500022930000310027965000430031065000380035320170124110236.0 aB-017740 c00.00a8176482064 aB-017740 bCen Lib/Ret aDPLbEN a687.11202bJEW aJewel, Raul aEncyclopaedia of dress making /cby Raul Jewe aNew DelhibA.P.H. Publishing Corporationc2000 bNew Delhia5, Ansari Road, Darya Ganje110002 axiv,652p. :c25m(Hb)bill. aDressmaking -- Handbooks, manuals, etc aSewing -- Handbooks, manuals, etc